000
00280nam a2200097Ia 4500
005
20251222114403.0
008
251222s1900||||xx |||||||||||||| ||spa||
082
_a
DVD0120/S59.1/1999
245
0
_a
Ludwig van Beethoven (1770-1827) : ViolĂn concerto Anne - Sophie Mutter:
942
_c
DVD
999
_c
1739
_d
1739